000 03025cam a22005178a 4500
001 52980525
003 PE-LiUPU
005 20250731173604.0
008 030829s2003 dcu b 001 0deng
020 _a0915170353
035 _a.b16685209
035 _a.b16685209
040 _aDLC
_cPE-LiUPU
_dPE-LiUPU
_bspa
_erda
042 _apcc
043 _aa-is---
049 _aEXNs
050 0 0 _aBS580.A6
_bS64 2003
082 0 0 _a224.8067
_bS822s
_223
100 1 _aSteiner, Richard C.
_eautor.
245 1 0 _aStockmen from Tekoa, sycomores from Sheba :
_ba study of Amos' occupations /
_cpor Richard C. Steiner.
250 _aPrimera edición.
264 _aWashington, D.C. :
_bCatholic Biblical Association of America,
_cc2003.
300 _ax, 158 páginas ;
_c23 cm.
440 4 _aThe Catholic Biblical quarterly.
_pMonograph series ;
_v36.
504 _aIncluye referencias bibliográficas e índices.
505 _aAcknowledgments -- Introduction -- בולס שקמים: History of Interpretation -- Ancient and Medieval Interpretations of בולס -- The Septuagint’s Interpretation of בולס and Sycomore Horticulture -- The Septuagint’s Translation of שקמים: The Meaning and Etymology of συκάμινος -- Aquila’s Interpretation of בולס -- Rashi’s Interpretation of בולס and Sycomore Silviculture -- בולס: Etymology and Meaning -- Bochart’s Etymology of בולס -- Bochart’s Etymology and a Post-biblical Survival of בולס “Sycomore Fig” -- Bochart’s Etymology and the Meaning of בולס שקמים -- בולס and שקמה: Linguistic Evidence for the Origin of the Biblical Sycomore -- The Controversy Surrounding the Origin of the Biblical Sycomore -- The Distribution of Bls and Šqmt in the Semitic Languages -- בולס and שקמה: Lexical and Botanical Imports from South Arabia -- The Etymology of שקמה -- מאחרי הצאן, בוקר, בקרים -- The Meaning of בוקר -- The Meaning of בקרים -- The Syntax of דברי עמוס אשר היה בנקרים מתקוע -- The Meaning of ויקחני יה מאחרי הצאן -- Amos’ Occupations -- The Herdsmen from Tekoa -- The Location of Amos’ Sycomores -- Linking the Two Occupations -- Amos’ Occupations and His Prophecies.
526 _aSEG42
526 _aSEG41
526 _aSEG40
526 _aSEG39
526 _aP94
526 _aP87
526 _aP86
526 _aP85
526 _aP77
526 _aP76
526 _aP35
600 1 4 _aAmós
_c(Profeta bíblico)
_xCarrera en agricultura.
_95089
600 0 _aAmós
_c(Profeta bíblico)
_xCarrera en pastoreo.
_95090
630 2 4 _aBiblia.
_pAmós 1: 1
_xCrítica interpretación, etc.
_95091
630 2 4 _aBiblia.
_pAmós 7: 14-15
_xCrítica, interpretación, etc.
_95092
650 2 4 _aAgricultura
_zPalestina.
_95093
650 2 4 _aPastoreo
_zPalestina.
_95094
942 _2ddc
_cBK
_n0
980 _618226
_aJaime Vilcazán Jefe de Análisis Documental
_81
_gALBERTO SANCHEZ Responsable de Automatización
999 _c62881
_d62880